Normal view
MARC view
- Durani, Muhammad Ali
Entry Personal Name
001 - CONTROL NUMBER
- control field: 46272
003 - CONTROL NUMBER IDENTIFIER
- control field: NUST
005 - DATE AND TIME OF LATEST TRANSACTION
- control field: 20210314133500.0
008 - FIXED-LENGTH DATA ELEMENTS
- fixed length control field: 210314|| aca||aabn | a|a d
040 ## - CATALOGING SOURCE
- Original cataloging agency: NUST
- Transcribing agency: NUST
100 ## - HEADING--PERSONAL NAME
- Personal name: Durani, Muhammad Ali
670 ## - SOURCE DATA FOUND
- Source citation: Work cat.: (NUST): Durani, Muhammad Ali, India & Pakistan the cost of conflict and the benefits of peace, 2001.
